000 00646nam a22001817a 4500
003 BD-DhUL
005 20180102110313.0
008 161019s1921 ii |||| |||| 000 0 ben d
040 _aBD-DhUL
_cBD-DhUL
082 _a891.443
_bTAG
100 1 _aঠাকুর, রবীন্দ্রনাথ।
245 _aগল্প গুচ্ছ :
_b১ম ভাগ /
_cরবীন্দ্রনাথ ঠাকুর।
260 _aএলাহাবাদ :
_bএলাহাবাদ,
_c১৯২১।
300 _aখ. ;
_c২২ সেমি.
650 4 _aবাংলা গল্প
650 4 _aBengali fiction
942 _2ddc
_cBK
999 _c236196
_d236196